000
00231nam a2200097Ia 4500
008
190216s9999||||xx |||||||||||||| ||und||
100
_a
Aziz Ahmad
245
4
_a
The Process Of Planing
260
_b
Oxford University Press
942
_c
BK
999
_c
9157
_d
9157